El proceso unificado de desarrollo de software / (Registro nro. 2333)
[ vista simple ]
| 000 -CABECERA | |
|---|---|
| Campo de control | 01256cam a2200301 a 4500 |
| 005 - FECHA Y HORA DE LA ULTIMA TRANSACCION | |
| Campo de control | 20170926120639.0 |
| 008 - ELEMENTOS DE LONGITUD FIJA—INFORMACION GENERAL | |
| Campo de control | 060111t 2000sp a r 001 0 spa d |
| 020 ## - ISBN | |
| ISBN | 8478290362 |
| 040 ## - FUENTE DE CATALOGACIÓN | |
| Agencia catalogadora original | CO-BoPUJ |
| Agencia transcriptora | CO-BoIAVH |
| Agencia Modificadora | CO-BoIAVH |
| 041 1# - IDIOMA | |
| Código de idioma para texto/pista de sonido o título separado | Español |
| Código de idioma de la versión original y/o traducciones intermedias del texto | Inglés |
| 044 ## - PAÍS DE PUBLICACIÓN | |
| País de publicación | España |
| 082 04 - NUMERO DE CLASIFICACION DECIMAL DEWEY | |
| Número de clasificación | 005.12028 |
| Número del ítem | J17p |
| 100 1# - ASIENTO PRINCIPAL--NOMBRE PERSONAL | |
| Nombre personal | Jacobson, Ivar |
| 9 (RLIN) | 15617 |
| 245 13 - MENCION DE TITULO | |
| Título | El proceso unificado de desarrollo de software / |
| Mención de responsabilidad | Ivar Jacobson, Grady Booch y James Rumbaugh ; traducción Salvador Sánchez...[et al.] |
| 260 ## - PUBLICACION, DISTRIBUCION, ETC. (PIE DE IMPRENTA) | |
| Lugar de publicación, distribución, etc. | Madrid, España : |
| Nombre del editor, distribuidor, etc. | Addison Wesley : |
| -- | Pearson Educación, |
| Fecha de publicación, distribución, etc. | c2000. |
| 300 ## - DESCRIPCION FISICA | |
| Extensión | xxvi, 438 páginas : |
| Otros detalles físicos | ilustraciones ; |
| Dimensiones | 25 x 20 centímetros |
| 500 ## - NOTA GENERAL | |
| Nota general | La guía completa del proceso unificado escrita por sus creadores. |
| 504 ## - NOTA DE BIBLIOGRAFIA, ETC. | |
| Nota de bibliografía | Incluye referencias bibliográficas, glosario e indice. |
| 650 24 - ASIENTO SECUNDARIO DE MATERIA - TERMINO TEMATICO | |
| Término temático o nombre geográfico como elemento de entrada | Ingeniería de software |
| 9 (RLIN) | 65189 |
| 650 24 - ASIENTO SECUNDARIO DE MATERIA - TERMINO TEMATICO | |
| Término temático o nombre geográfico como elemento de entrada | Análisis de sistemas |
| 9 (RLIN) | 65754 |
| 650 24 - ASIENTO SECUNDARIO DE MATERIA - TERMINO TEMATICO | |
| Término temático o nombre geográfico como elemento de entrada | UML (Lenguaje de programación de computadores) |
| 9 (RLIN) | 65192 |
| 650 24 - ASIENTO SECUNDARIO DE MATERIA - TERMINO TEMATICO | |
| Término temático o nombre geográfico como elemento de entrada | Desarrollo de programas para computador |
| Subdivisión general | Metodología |
| 9 (RLIN) | 65755 |
| 650 24 - ASIENTO SECUNDARIO DE MATERIA - TERMINO TEMATICO | |
| 9 (RLIN) | 65753 |
| Término temático o nombre geográfico como elemento de entrada | Diseño de sistemas |
| Subdivisión general | Metodología |
| 700 1# - ASIENTO SECUNDARIO - NOMBRE PERSONAL | |
| Nombre personal | Rumbaugh, James |
| Término de relación | autor |
| 9 (RLIN) | 65194 |
| 700 1# - ASIENTO SECUNDARIO - NOMBRE PERSONAL | |
| Nombre personal | Booch, Grady |
| Término de relación | autor |
| 9 (RLIN) | 15618 |
| 700 1# - ASIENTO SECUNDARIO - NOMBRE PERSONAL | |
| Nombre personal | Sánchez, Salvador |
| Término de relación | traductor |
| 9 (RLIN) | 65195 |
| 942 ## - ELEMENTOS ADICIONALES (KOHA) | |
| Sistema de clasificación | Dewey Decimal Classification |
| Tipo de ítem | Libro |
| Withdrawn status | Lost status | Sistema de Clasificación | Damaged status | No para préstamo | Colección | Ubicación Permanente | Ubicación actual | Fecha de adquisición | Fuente de Valor | Total Checkouts | Número topográfico | Inventario / Código de Barras | Date last seen | Ejemplar | Price effective from | Forma de adquisición | Tipo de material |
|---|---|---|---|---|---|---|---|---|---|---|---|---|---|---|---|---|---|
| Dewey Decimal Classification | TIC | Villa de Leyva | Villa de Leyva | 11/06/2001 | CID Humboldt | LB-005.12028 J17p | 002938 | 04/12/2012 | Ej. 1 | 04/12/2012 | Compra | Libro |